000 00409nam a2200181Ia 4500
001 2662
005 20260306144823.0
008 260306t1981||||xx |||||||||||||| ||spa||
041 _aESP
082 _a201
_bN49
100 _aNewman, John H.
_eAUT
245 0 _aDiscursos sobre la fe
260 _c1981
300 _a370 páginas :
_c19 cm.
650 _aGEN
654 _aCHU
942 _cLIB
_dJUS
_fJUS
_2ddc
_n
999 _c2662
_d2662